Dam induced displacement and resettlement of oustees: a rhetoric (a case of Ranjit Sagar Dam, Punjab) (Record no. 509366)

000 -LEADER
fixed length control field 00494nam a22001697a 4500
008 - FIXED-LENGTH DATA ELEMENTS--GENERAL INFORMATION
fixed length control field 190506b ||||| |||| 00| 0 eng d
100 ## - MAIN ENTRY--PERSONAL NAME
Personal name Sharma, Vasudha
245 ## - TITLE STATEMENT
Title Dam induced displacement and resettlement of oustees: a rhetoric (a case of Ranjit Sagar Dam, Punjab)
260 ## - PUBLICATION, DISTRIBUTION, ETC. (IMPRINT)
Date of publication, distribution, etc 2018
300 ## - PHYSICAL DESCRIPTION
Extent p.1-22.
650 ## - SUBJECT ADDED ENTRY--TOPICAL TERM
Topical term or geographic name as entry element Displacement
9 (RLIN) 5071
650 ## - SUBJECT ADDED ENTRY--TOPICAL TERM
Topical term or geographic name as entry element Resettlement
9 (RLIN) 5072
700 ## - ADDED ENTRY--PERSONAL NAME
Personal name Kaur, Ravinder
9 (RLIN) 5073
773 ## - HOST ITEM ENTRY
Main entry heading Man and Development
906 ## - LOCAL DATA ELEMENT F, LDF (RLIN)
Subject DIP Dams
942 ## - ADDED ENTRY ELEMENTS (KOHA)
Item type Articles
Holdings
Withdrawn status Lost status Source of classification or shelving scheme Damaged status Not for loan Permanent location Current location Date acquired Serial Enumeration / chronology Barcode Date last seen Koha item type
          Indian Institute of Public Administration Indian Institute of Public Administration 2019-05-06 40(4), Dec, 2018: p.1-22. AR119562 2019-05-06 Articles

Powered by Koha